Problemy sovremennogo narodnogo tvorčestva. 9, Russkij fol´klor.

Uložené v:
Podrobná bibliografia
Médium: Kniha
Jazyk:Russian
Vydané: Moskva ; Leningrad : Nauka, 1964.
Fyzický popis: 330 strán.
Tagy: Pridať tag
Žiadne tagy, Buďte prvý kto otaguje tento záznam!

MARC

LEADER 00000nam a22000002i 4500
001 000250310
005 20240527110155.0
008 040101s1964 ru e rus d
020 |c Kčs 19,00  |q (viazané) 
040 |a SVKKK  |b slo  |c SVKKK  |e rda 
041 0 |a rus 
044 |a ru  |c RU 
245 0 0 |a Problemy sovremennogo narodnogo tvorčestva.  |n 9,  |p Russkij fol´klor. 
246 3 0 |a Russkij fol´klor 
264 1 |a Moskva ;  |a Leningrad :  |b Nauka,  |c 1964. 
300 |a 330 strán. 
336 |a text  |b txt  |2 rdacontent 
337 |a bez média  |b n  |2 rdamedia 
338 |a zväzok  |b nc  |2 rdacarrier 
500 |a Záznam revízie 
910 |a svkkk 
998 |a BK 
090 |g SCKHL  |k Sklad Pribinova 3. posch.  |a V.41930  |j 349720  |i 2721106319  |4 Zastaraná  |s Návrh na vyradenie